00311nam a2200121Ia 4500008004100000100002000041245005300061260003000114300000900144650001200153942000700165999001700172190216s9999||||xx |||||||||||||| ||und|| aSamuel S M Wong 0aComputational Methods In Physics And Engineering bAllied Publicationsc1997 a508p aPhysics cBK c33740d33740